000 00476nam a2200169Ia 4500
008 090711s9999 xx 000 0 und d
082 _b56125
100 _aबागुल Sाारुदत्त
245 _a.दिलदार
260 _c1987
300 _a175
600 _aबागुल Sाारुदत्त
630 _a.दिलदार
700 _aबागुल Sाारुदत्त
730 _a.दिलदार
942 _cBOOK
999 _c282823
_d282823